ARRUPE JESUIT UNIVERSITY

CORONAVIRUS -STOP THE SPREAD - CLEAN,DISINFECT,COVER

Parliaments in the modern world; (Record no. 131870)

MARC details
000 -LEADER
fixed length control field 00540nam a22001577a 4500
008 - FIXED-LENGTH DATA ELEMENTS--GENERAL INFORMATION
fixed length control field 240423b |||||||| |||| 00| 0 eng d
050 ## - LIBRARY OF CONGRESS CALL NUMBER
Classification number JF501.P357 1994
100 ## - MAIN ENTRY--PERSONAL NAME
Personal name Copeland. Gary W,
9 (RLIN) 52663
245 ## - TITLE STATEMENT
Title Parliaments in the modern world;
Remainder of title changing institutions,
Statement of responsibility, etc Gary W. Copeland.
260 ## - PUBLICATION, DISTRIBUTION, ETC. (IMPRINT)
Place of publication, distribution, etc USA:
Name of publisher, distributor, etc The University of Michigan,
Date of publication, distribution, etc 1994
300 ## - PHYSICAL DESCRIPTION
Extent xii;
Other physical details 180p,
Dimensions 24cm.
650 ## - SUBJECT ADDED ENTRY--TOPICAL TERM
General subdivision legislative bodies.
9 (RLIN) 52665
650 ## - SUBJECT ADDED ENTRY--TOPICAL TERM
Topical term or geographic name as entry element Europe;
General subdivision legislative bodies,
9 (RLIN) 52666
650 ## - SUBJECT ADDED ENTRY--TOPICAL TERM
Form subdivision comparative government,
9 (RLIN) 24910
942 ## - ADDED ENTRY ELEMENTS (KOHA)
Source of classification or shelving scheme Library of Congress Classification
Item type Monograph ( Printed materials)

No items available.

 

Arrupe Library. PO Box MP320 Mt Pleasant, Harare, Zimbabwe
263 242 745411|librarian@aju.ac.zw